| 000 | 00591nam a22002057a 4500 | ||
|---|---|---|---|
| 003 | 0 | ||
| 005 | 20250324113403.0 | ||
| 008 | 250324b xxu||||| |||| 00| 0 eng d | ||
| 020 | _a978-1-266-18835-0 | ||
| 050 |
_aHF 5679 _b.R53 2024 |
||
| 100 | _aRichardson, Vernon J. | ||
| 245 |
_aAccounting information systems _cVernon J, Richardson |
||
| 250 | _aFourth edition | ||
| 260 |
_aNew York City _bMcGraw Hill _c2024 |
||
| 300 |
_axxv, 599 pages ; _c26cm. |
||
| 504 | _aIncludes index and glossary. | ||
| 700 | _aChang, C. Janie | ||
| 700 | _aSmith, Rodney. | ||
| 942 |
_2lcc _cBK |
||
| 999 |
_c367324 _d367324 |
||